| 000 | 00801cab a2200241 4500 | ||
|---|---|---|---|
| 001 | WB3313-43 | ||
| 008 | 090401t1997 xxu||||| |||| 00| 0 eng d | ||
| 035 | _a(Sirsi) u77471 | ||
| 041 | _aeng | ||
| 245 | _aSlaying of the spivs | ||
| 260 | _c1997 | ||
| 350 | _a0 | ||
| 490 |
_aDaily Telegraph _v26 March 1997, 35(1) |
||
| 520 | _aEstate agents have used the recession to clean-up their image. The NAEA and the OCEA have introduced a common code of practice to help marginalise any spiv operators. | ||
| 650 | _aCODE OF PRACTICE | ||
| 650 | _aESTATE AGENTS | ||
| 650 | _aIMAGE | ||
| 650 | _aNATIONAL ASSOCIATION OF ESTATE AGENTS | ||
| 650 | _aOMBUDSMAN FOR CORPORATE ESTATE AGENTS | ||
| 690 | _aMANAGEMENT-BUSINESS MANAGEMENT-PROFESSIONAL PRACTICE | ||
| 942 | _n0 | ||
| 948 | _c27/03/1997 | ||
| 999 |
_c48711 _d48711 |
||